| 000 | 01319nam0a2200325 4500 | ||
|---|---|---|---|
| 001 | RU\NLR\bibl\1336757 | ||
| 005 | 20250615165431.0 | ||
| 010 |
_a978-5-317-02597-7 _9500 |
||
| 021 |
_aRU _b2008-108335 _96391 |
||
| 035 | _a(NLR Aleph) 001321942 | ||
| 090 |
_a745507 _c745507 |
||
| 100 | _a20090305d2008 |||y0rusy50 ca | ||
| 101 | 0 | _arus | |
| 102 | _aRU | ||
| 105 | _ay ||||||||| | ||
| 200 | 1 |
_aОсобенности транснационализации Российской экономики в современных условиях _fЕ.А. Кулешов |
|
| 210 |
_aМосква _cМАКС Пресс _d2008 |
||
| 215 |
_a49, [1] с. _d21 |
||
| 320 | _aБиблиогр. в конце кн. (51 назв.) и в подстроч. примеч. | ||
| 606 | 1 |
_aТранснациональные монополии _yРоссийская Федерация _92187946 _3RU\NLR\auth\661315401 |
|
| 606 | 1 |
_aТранснациональные монополии _xТемпы роста _92414223 _3RU\NLR\auth\661438183 |
|
| 686 | _aУ9(2)-13(2Р) | ||
| 686 | _aУ010.94 | ||
| 700 | 1 |
_aКулешов _bЕ. А. _gЕвгений Анатольевич _4070 |
|
| 801 | 0 |
_aRU _bNLR _c20090305 _gRCR |
|
| 801 | 1 |
_aRU _bNLR _c20090305 |
|
| 830 | _aавт. по кн. | ||
| 942 | _cBOOK | ||
| 980 | _aNB | ||